Statistics for Juliette Lewis Movies

Click here to take the quiz!

General Stats

  • This quiz has been taken 5 times
  • The average score is 6 of 13

Answer Stats

Rekease YearCostarsMovie% Correct
1994Woody Harrelson, Tommy Lee JonesNatural Born Killers
100%
1991Robert De Niro, Nick NolteCape Fear
80%
1996George Clooney, Harvey KeitelFrom Dusk Till Dawn
80%
1993Johnny Depp, Leonardo DiCaprioWhat's Eating Gilbert Grape
80%
2003Vince Vaughn, Will FerrellOld School
60%
2010Robert Downey Jr., Zach GalifianakisDue Date
40%
2019Octavia Spencer, Luke EvansMa
40%
2016Emma Roberts, Dave FrancoNerve
40%
2004Ben Stiller, Owen WilsonStarsky & Hutch
40%
1995Leonardo DiCaprio, Mark WahlbergThe Basketball Diaries
40%
2010Hilary Swank, Sam RockwellConviction
20%
2005Johnny Knoxville, Elizabeth BanksDaltry Calhoun
0%
2006Kevin James, Ray RomanoGrilled
0%

Score Distribution

Percentile by Number Answered

Percent of People with Each Score

Your Score History

You have not taken this quiz